Hướng dẫn điều trị và sử dụng thuốc

Gardado en:
Detalles Bibliográficos
Formato: Libro
Idioma:Undetermined
Publicado: Hà Nội Y học 1998
Những chủ đề:
Các nhãn: Engadir etiqueta
Sen Etiquetas, Sexa o primeiro en etiquetar este rexistro!
Thư viện lưu trữ: Trung tâm Học liệu Trường Đại học Cần Thơ
LEADER 00484nam a2200169Ia 4500
001 CTU_27864
008 210402s9999 xx 000 0 und d
020 |b 20.500đ 
082 |a 615.5 
082 |b H561 
245 0 |a Hướng dẫn điều trị và sử dụng thuốc 
260 |a Hà Nội 
260 |b Y học 
260 |c 1998 
650 |a chemotherapy,drugs,therapeutics 
904 |i Minh, 990106 
980 |a Trung tâm Học liệu Trường Đại học Cần Thơ